Social science methodology : (Record no. 29494)

000 -LEADER
fixed length control field 01575cam a2200397 a 4500
001 - CONTROL NUMBER
control field 17280307
005 - DATE AND TIME OF LATEST TRANSACTION
control field 20180109101845.0
008 - FIXED-LENGTH DATA ELEMENTS--GENERAL INFORMATION
fixed length control field 120501s2012 enka b 001 0 eng d
010 ## - LIBRARY OF CONGRESS CONTROL NUMBER
LC control number 2011410977
015 ## - NATIONAL BIBLIOGRAPHY NUMBER
National bibliography number GBB196573
Source bnb
016 7# - NATIONAL BIBLIOGRAPHIC AGENCY CONTROL NUMBER
Record control number 015868964
Source Uk
020 ## - INTERNATIONAL STANDARD BOOK NUMBER
International Standard Book Number 9780521115049 (hbk.)
020 ## - INTERNATIONAL STANDARD BOOK NUMBER
International Standard Book Number 0521115043
020 ## - INTERNATIONAL STANDARD BOOK NUMBER
International Standard Book Number 9780521132770 (pbk.)
020 ## - INTERNATIONAL STANDARD BOOK NUMBER
International Standard Book Number 0521132770 (pbk.)
035 ## - SYSTEM CONTROL NUMBER
System control number (OCoLC)ocn775022701
040 ## - CATALOGING SOURCE
Original cataloging agency UKMGB
Transcribing agency UKMGB
Modifying agency UAB
-- DLC
042 ## - AUTHENTICATION CODE
Authentication code lccopycat
050 00 - LIBRARY OF CONGRESS CALL NUMBER
Classification number H 61 .G466 2012
100 1# - MAIN ENTRY--PERSONAL NAME
Personal name Gerring, John,
Dates associated with a name 1962-
245 10 - TITLE STATEMENT
Title Social science methodology :
Remainder of title a unified framework /
Statement of responsibility, etc. John Gerring.
250 ## - EDITION STATEMENT
Edition statement 2nd ed.
260 ## - PUBLICATION, DISTRIBUTION, ETC. (IMPRINT)
Place of publication, distribution, etc. Cambridge ;
-- New York :
Name of publisher, distributor, etc. Cambridge University Press,
Date of publication, distribution, etc. 2012.
300 ## - PHYSICAL DESCRIPTION
Extent xxv, 495 p. :
Other physical details ill. ;
Dimensions 25 cm.
490 1# - SERIES STATEMENT
Series statement Strategies for social inquiry
500 ## - GENERAL NOTE
General note Previous ed.: 2001.
504 ## - BIBLIOGRAPHY, ETC. NOTE
Bibliography, etc Includes bibliographical references (p. 444-491) and index.
650 #0 - SUBJECT ADDED ENTRY--TOPICAL TERM
Topical term or geographic name as entry element Social sciences
General subdivision Methodology.
942 ## - ADDED ENTRY ELEMENTS (KOHA)
Source of classification or shelving scheme
Koha item type Hard Covered Materials
Classification part H 61 .G466 2012
Holdings
Withdrawn status Lost status Source of classification or shelving scheme Damaged status Not for loan Home library Current library Shelving location Date acquired Source of acquisition Total Checkouts Full call number Barcode Date last seen Price effective from Koha item type Date last checked out
          MACHAKOS UNIVERSITY LIBRARY MACHAKOS UNIVERSITY LIBRARY Open shelf 09/01/2018 Purchase (Corporate Campus)   H 61 .G466 2012 38011 11/01/2018 09/01/2018 Hard Covered Materials  
          MACHAKOS UNIVERSITY LIBRARY MACHAKOS UNIVERSITY LIBRARY Open shelf 09/01/2018 Purchase (Corporate Campus) 1 H 61 .G466 2012 38012 05/05/2023 09/01/2018 Hard Covered Materials 05/05/2023
© Machakos University Library, Along The Highway, Machakos Wote Rd, Machakos, Kenya P.O. Box 136 - 90100 Machakos - Kenya

Tel: ( +254 ) 723 805829 OR Fax : 044-20353 OR Email: library@mksu.ac.ke